| 000 | 00666cab a2200241 4500 | ||
|---|---|---|---|
| 001 | ABS48771 | ||
| 008 | 090401t1993 xxu||||| |||| 00| 0 eng d | ||
| 035 | _a(Sirsi) u68483 | ||
| 041 | _aeng | ||
| 245 | _aCost check: B1 buildings | ||
| 260 | _c1993 | ||
| 350 | _a0 | ||
| 490 |
_aBuilding _v258(7800) 25 June 1993, 42-46(5) |
||
| 520 | _aA cost study of B1 buildings, outlining typical design features and approaches to procurement. | ||
| 650 | _aB1 BUILDINGS | ||
| 650 | _aCOST MODEL | ||
| 650 | _aCOSTS | ||
| 650 | _aPROCUREMENT METHODS | ||
| 650 | _aPROGRAMMING | ||
| 690 | _aBUILT ENVIRONMENT-BUILDING COSTS | ||
| 942 | _n0 | ||
| 948 | _c04/03/1997 | ||
| 999 |
_c42967 _d42967 |
||